Movement characteristics and ultrastructural images of goat sperm in relation to sperm penetration assay /
Saved in:
| 主要作者: | |
|---|---|
| 格式: | Thesis 图书 |
| 语言: | English |
| 出版: |
2005.
|
| 主题: | |
| 标签: |
添加标签
没有标签, 成为第一个标记此记录!
|
| LEADER | 00926cam a2200241 a 4500 | ||
|---|---|---|---|
| 001 | u750193 | ||
| 003 | SIRSI | ||
| 005 | 200801030940 | ||
| 008 | 080103s2005 my a t 000 0 eng t | ||
| 040 | |a UMM | ||
| 090 | |a QH302 |b UMP 2005 Noohh | ||
| 100 | 0 | |a Noor Hashida Hashim. | |
| 245 | 1 | 0 | |a Movement characteristics and ultrastructural images of goat sperm in relation to sperm penetration assay / |c Noor Hashida Hashim. |
| 260 | |c 2005. | ||
| 300 | |a xxi, 272 leaves : |b ill. (some col.) ; |c 30 cm. | ||
| 502 | |a Thesis (Ph.D.) -- Institut Sains Biologi, Fakulti Sains, Universiti Malaya, 2007. | ||
| 504 | |a Bibliography: leaves 206-247. | ||
| 650 | 0 | |a Spermatozoa |x Physiology. | |
| 650 | 0 | |a Goats |x Reproduction. | |
| 710 | 2 | |a Universiti Malaya. |b Institut Sains Biologi. | |
| 900 | |a SK | ||
| 596 | |a 1 | ||
| 999 | |a QH302 UMP 2005 NOOHH |w LC |c 1 |i A513156266 |d 13/5/2015 |e 13/5/2015 |f 22/1/2008 |g 1 |l STACKS |m P01UTAMA |n 1 |r Y |s Y |t TESIS |u 16/1/2008 | ||
